| 000 | 00755nam a2200289Ia 4500 | ||
|---|---|---|---|
| 008 | 160803s9999 xx 000 0 und d | ||
| 020 | _a9780439456203 | ||
| 100 | _aClements, Andrew | ||
| 245 | _aThings not seen / | ||
| 245 | _cAndrew Clements. | ||
| 260 | _aNew York : | ||
| 260 | _bScholastic Inc. | ||
| 260 | _c2002 | ||
| 300 | _a251 pages ; | ||
| 300 | _c20 cm | ||
| 500 | _aOriginally published: New York : Philomel Books, 2002. | ||
| 650 | _aBlind -- | ||
| 650 | _aBlind -- | ||
| 650 | _aPeople with disabilities -- | ||
| 650 | _aPeople with disabilities -- | ||
| 650 | _aScience fiction. | ||
| 650 | _xFiction. | ||
| 650 | _xFiction. | ||
| 650 | _xJuvenile fiction. | ||
| 650 | _xJuvenile fiction. | ||
| 700 | _a690 | ||
| 999 |
_c298443 _d298443 |
||